00668nam a2200157 a 450000100100000000500170001000800410002704000250006811000880009324500690018126001080025030000210035804900090037995201050038899900170049300002686920200930030447.0110328s1952 dr a 000 0 spa d aDO-SdBNPbspabBNPHU1 aRepública DominicanabSecretaría de Estado de Tesoro y Credito público95398210aProgramas de fiscalización de cuentas para uso de inspectores. aCiudad Trujillo, República Dominicana :bSecretaría de Estado de Tesoro y Credito público,c1952. a139 p. ;c27 cm. aBNPD 0010718PDaPDbPDcCTd2011-03-28iLF1l0o p26869-10r2020-06-25w2020-06-25yLFPDZNo se presta c26361d26361